Länder nach Duschgels #13 - Statistiken

Allgemein
  • Dieses Quiz wurde 20 mal gespielt
  • Das Durchschnittsergebnis liegt bei 8 aus 10
Antwortstatistiken
Bildquiz Antwort % Korrekt
Dänemark
100%
Moldawien
82%
Niger
82%
Paraguay
82%
Belize
76%
Kiribati
76%
Montenegro
76%
Brunei
71%
Litauen
71%
Dominica
65%
Keine übereinstimmenden Quizze gefunden
Verteilung der Resultate
Anzahl Personen mit jedem Resultat
Perzentil nach korrekt beantworteten Fragen
Ihre Resultats-Entwicklung
Sie haben dieses Quiz noch nicht gespielt